000 00503nam a22001937a 4500
003 MPLRDC
005 20220104150202.0
008 210129b ||||| |||| 00| 0 eng d
020 _a957-621-911-6
082 _a490.15 DRU
100 _aPETER F. DRUCKER
245 _a杜拉克精选: 社会篇
_c黄秀媛译
250 _a初版
260 _a
_b天下远见出版股份有限公司
_c2001
300 _b
490 _a财经企管. 240
650 _a商学总论
942 _cBK
_o490.15 DRU
999 _c51738
_d51728